| 000 | 00628nam a22002057a 4500 | ||
|---|---|---|---|
| 005 | 20241011151159.0 | ||
| 010 | _aENG-141182 ENG-142127 | ||
| 020 |
_a9789357943468 _c495.00 |
||
| 035 | _aEN-124714 | ||
| 035 | _aEN-125659 | ||
| 037 | _bDBAD | ||
| 082 | _a320.01 | ||
| 100 |
_aAristotle _972716 |
||
| 245 |
_aThe politics: _cBy Aristotle _bA Treatise On Government/ |
||
| 260 |
_aNew delhi _bV & S publishers _c2017 |
||
| 270 |
_a F-2/16, Ansari Road, Dayaraganj _bNew delhi _e110002 _minfo@vspublishers.com |
||
| 300 |
_a300P. _c22cm |
||
| 700 |
_aAristotle _969417 |
||
| 942 |
_2ddc _cEN _h320.01 _mAri |
||
| 999 |
_c204804 _d204804 |
||